01583nam a2200385Ia 4500001001200000003000800012006001900020007001500039008004100054010001700095020003300112020001800145040002100163035002000184050002200204082001800226100002700244245011200271260004800383300001900431504006400450533015200514600005100666650004200717650004900759650001900808650005900827650004500886650004600931651003100977655002901008710001701037856012601054999001701180ebr10279331CaPaEBRm u cr cn|||||||||940615s1995 nyua sb 001 0 eng d z 94026408  z0195091078 (acid-free paper) z9780195091076 aCaPaEBRcCaPaEBR a(OCoLC)7203263014aPQ71b.P67 1995eb04a840.9/0072201 aPorter, Dennis,d1933-10aRousseau's legacyh[electronic resource] :bemergence and eclipse of the writer in France /cDennis Porter. aNew York :bOxford University Press,c1995. a306 p. :bill. aIncludes bibliographical references (p. 269-296) and index. aElectronic reproduction.bPalo Alto, Calif. :cebrary,d2009.nAvailable via World Wide Web.nAccess may be limited to ebrary affiliated libraries.10aRousseau, Jean-Jacques,d1712-1778xInfluence. 0aAuthors and readerszFrancexHistory. 0aAuthorshipxSocial aspectszFrancexHistory. 0aAutobiography. 0aFrench literaturexHistory and criticismxTheory, etc. 0aLiterature and societyzFrancexHistory. 0aPolitics and literaturezFrancexHistory. 0aFrancexIntellectual life. 7aElectronic books.2local2 aebrary, Inc.40uhttp://site.ebrary.com/lib/rucke/Doc?id=10279331zAn electronic book accessible through the World Wide Web; click to view c18797d18797